| 000 | 00979cam a2200301 i 4500 | ||
|---|---|---|---|
| 999 |
_c3040 _d3040 |
||
| 001 | 21349508 | ||
| 003 | OSt | ||
| 005 | 20241102143316.0 | ||
| 008 | 200102s2017 my a d 000 0 eng | ||
| 010 | _a 2019457925 | ||
| 020 | _a9789834722098 | ||
| 040 |
_aDLC _beng _erda _cDLC _dDLC _dKH8 |
||
| 041 |
_amay _aeng |
||
| 042 | _apcc | ||
| 082 | _a423.992 HAW | ||
| 100 | 1 |
_aHawkins, Joyce, _eauthor. |
|
| 245 | 1 | 0 |
_aKamus Dwibahasa Oxford Fajar : _bBahasa Inggeris - Bahasa Malaysia : Bahasa Malaysia - Bahasa Inggeris / _cJoyce M. Hawkins. |
| 250 | _a6th edition | ||
| 264 | 1 |
_aShah Alam, Selangor Darul Ehsan : _bOxford Fajar, _c2017. |
|
| 300 |
_axx, 384 pages : _billustrations (some color) ; _c23 cm. |
||
| 336 |
_atext _btxt _2rdacontent |
||
| 337 |
_aunmediated _bn _2rdamedia |
||
| 338 |
_avolume _bnc _2rdacarrier |
||
| 490 | 0 | _aOxford fajar | |
| 650 | 0 |
_aMalay language _xDictionaries _xEnglish. |
|
| 650 | 0 |
_aEnglish language _xDictionaries _xMalay. |
|
| 942 |
_2ddc _cTR |
||